How the whale became and other stories / (Record no. 3415)

MARC details
000 -LEADER
fixed length control field 00860nam a22002537a 4500
001 - CONTROL NUMBER
control field 3415
003 - CONTROL NUMBER IDENTIFIER
control field FISKH
005 - DATE AND TIME OF LATEST TRANSACTION
control field 20240304151557.0
008 - FIXED-LENGTH DATA ELEMENTS--GENERAL INFORMATION
fixed length control field 240304b cb ||||| |||| 00| 0 eng d
040 ## - CATALOGING SOURCE
Original cataloging agency FISK
Language of cataloging eng
Transcribing agency FISK
Modifying agency FISK
050 ## - LIBRARY OF CONGRESS CALL NUMBER
Classification number PZ7.H87398
082 ## - DEWEY DECIMAL CLASSIFICATION NUMBER
Classification number 823.914
100 ## - MAIN ENTRY--PERSONAL NAME
Personal name Hughes Ted
Dates associated with a name 1930-1998
245 ## - TITLE STATEMENT
Title How the whale became and other stories /
260 ## - PUBLICATION, DISTRIBUTION, ETC.
Place of publication, distribution, etc. New York :
Name of publisher, distributor, etc. Faber & Faber,
Date of publication, distribution, etc. 1963
300 ## - PHYSICAL DESCRIPTION
Extent 107 pages :
Other physical details 20 cm
505 ## - FORMATTED CONTENTS NOTE
Formatted contents note M
520 ## - SUMMARY, ETC.
Summary, etc. A collection of creation stories explaining why owls hunt at night, why the dog was chosen to guard farm animals, why polar bears live at the North Pole, and how the elephant came to accept its unique and wonderful qualities
521 8# - TARGET AUDIENCE NOTE
Target audience note 600
Source Lexile estimate
521 8# - TARGET AUDIENCE NOTE
Target audience note M
Source Raz-Plus estimate
700 ## - ADDED ENTRY--PERSONAL NAME
Personal name Ted Hughes
942 ## - ADDED ENTRY ELEMENTS (KOHA)
Source of classification or shelving scheme Dewey Decimal Classification
Koha item type Books
Suppress in OPAC No
Holdings
Withdrawn status Lost status Source of classification or shelving scheme Damaged status Not for loan Collection Home library Current library Shelving location Date acquired Total Checkouts Full call number Barcode Date last seen Copy number Price effective from Koha item type
    Dewey Decimal Classification     Fiction Footprints International School Library Network Toul Kork Campus Footprints International School Library Network Toul Kork Campus   03/04/2024   HUG PZ7.H87398 823.914 2024-0176 03/04/2024 1 03/04/2024 Books